000 00775nam a22002297a 4500
005 20130910094546.0
008 130910b2013 ck |||||r|||| 00| 0 spa d
020 _a9789588188218
041 _aspa
044 _ack
082 _a333.72
_bC25r
245 0 0 _aResponsabilidad Ambiental: Propuestas para nuestro planeta
_bEditado por Norma Morely Gaona Guevara
260 _aBogotá
_bCorporación Autónoma Regional de Cundinamarca CAR
_c2013
300 _a156 p.
_bil.
_c24 cm.
650 6 _aResponsabilidad por el medio ambiente
_zColombia
_92074
650 _aContaminación
_92075
650 _ainvestigación ambiental
_92051
650 _aConocimiento ambiental
_92076
650 _aGestión del conocimiento
_92009
651 _zColombia
_91771
942 _2ddc
_cImpreso
999 _c7663
_d7663